000 01059nam a2200277 4500
001 0000023455
003 CO-CtgCURN
005 20250506215344.0
008 160627s2008 000 0 eng d
020 _a9788489367470
040 _aCO-CtgCURN
_bspa
_ccoctgcurn
082 0 _a272
_bG669h
100 1 _aGori, Leonardo.
245 1 4 _aLos huesos de Dios :
_bun secreto que hara temblar las bases de la religion una conspiracion para impedirlo.
260 _aMadrid :
_bUmbriel editores,
_c2008.
300 _a345 p.
336 _2rdacontent
337 _2rdamedia
_asin mediacion
_bn
338 _2rdacarrier
_avolumen
_bnc
500 _aIncluye indice.
505 8 _aLos mismos de livorno.--La fosa del arno.--La anatomía.--Tensar la cuerda.--Un mar de huesos.--La huida.--La conjura.--La amazona.--Interrogatorios.--El refugio de los muertos.--El principe.--Primer interludio
650 0 _aVida cristiana.
908 _a160627
942 _cBK
_h272
_iG669h
_2ddc
999 _c48323
_d48323
_x1